OECD sovereign borrowing outlook 2014
Saved in:
| Format: | Book |
|---|---|
| Language: | English |
| Published: |
Paris
OECD
2014
|
| Subjects: | |
| Tags: |
No Tags, Be the first to tag this record!
|
MARC
| LEADER | 00000nam a2200000 4500 | ||
|---|---|---|---|
| 001 | 0186607 | ||
| 005 | 20240315121054.3 | ||
| 020 | |a 978-92-64-20416-4 | ||
| 041 | 0 | |a eng | |
| 044 | |a FR | ||
| 245 | 1 | 0 | |a OECD sovereign borrowing outlook 2014 |
| 264 | 1 | |a Paris |b OECD |c 2014 | |
| 300 | |a 131 s. | ||
| 610 | 2 | 0 | |a štát |
| 610 | 2 | 0 | |a zadlženosť |
| 610 | 2 | 0 | |a dlhy štátne |
| 610 | 2 | 0 | |a riadenie |
| 610 | 2 | 0 | |a riziko |
| 610 | 2 | 0 | |a spolupráca medzinárodná |
| 610 | 2 | 0 | |a produkt domáci hrubý |
| 610 | 2 | 0 | |a pôžičky medzinárodné |
| 610 | 2 | 0 | |a miera úroková |
| 610 | 2 | 0 | |a nestabilita politická |
| 610 | 2 | 0 | |a trh |
| 610 | 2 | 0 | |a porovnanie štatistické medzinárodné |